000 00736cam a22002175a 4500
001 13824280
005 20160314115028.0
008 041223s2005 flua frb 001 0 eng d
020 _a0824753429 (alk. paper)
020 _a9780824753429
040 _aDLC
_cDLC
_dYDX
_dUKM
_dBAKER
_dNLM
_dMUQ
_dIXA
_dDLC
_dEG-ScBUE
_beng
082 0 4 _a611.01816
_222
_bANA
245 0 0 _aAnalytical techniques in DNA sequencing /
_cedited by Brian K. Nunnally.
260 _aBoca Raton :
_bTaylor & Francis,
_c2005.
300 _a237 p. :
_bill. ;
_c25 cm.
504 _aIncludes bibliographical references and index.
650 7 _aNucleotide sequence.
_2BUEsh
_939541
653 _bPPhrm
_cMarch2016
700 1 _aNunnally, Brian K.,
_eeditor.
942 _2ddc
999 _c21397
_d21369